00285nam a2200121Ia 4500008004100000082001300041100002300054245003800077250000900115260002300124300000800147650000800155191201s2009 xx 000 0 und d a657bVAF aVAN HORNE, James C 0aFundamental of Finance Management a13TH aN.DelhibPHIc2009 a719 aMBA